[Event "Stay Safe Play From Home 283"]
[Site "Emanuel Lasker Arena"]
[Date "2020.07.07"]
[Round "2"]
[White "Toosieslide"]
[Black "Jhhonnyy"]
[Result "0-1"]
[WhiteElo "2212"]
[BlackElo "2293"]
[PlyCount "82"]
[EventDate "2020.07.07"]
[EventType "swiss (blitz)"]

1. d4 {[%emt 0:00:05]} Nf6 {[%emt 0:00:01]} 2. c4 {[%emt 0:00:01]} g6 {[%emt 0:00:00]} 3. g3 {[%emt 0:00:01]} Bg7 {[%emt 0:00:01]} 4. Bg2 {[%emt 0:00:01]} O-O {[%emt 0:00:00]} 5. Nc3 {[%emt 0:00:01]} c6 {[%emt 0:00:00]} 6. Nf3 {[%emt 0:00:01]} d5 {[%emt 0:00:00]} 7. O-O {[%emt 0:00:01]} dxc4 {[%emt 0:00:01]} 8. a4 {[%emt 0:00:01]} Na6 {[%emt 0:00:01]} 9. Ne5 {[%emt 0:00:01]} Ng4 {[%emt 0:00:02]} 10. Nxg4 {[%emt 0:00:03]} Bxg4 {[%emt 0:00:01]} 11. Be3 {[%emt 0:00:00]} Nb4 {[%emt 0:00:01]} 12. f3 {[%emt 0:00:02]} Be6 {[%emt 0:00:01]} 13. Bf2 {[%emt 0:00:01]} Nd5 {[%emt 0:00:01]} 14. e4 {[%emt 0:00:01]} Nxc3 {[%emt 0:00:01]} 15. bxc3 {[%emt 0:00:00]} Qa5 {[%emt 0:00:01]} 16. Qc2 {[%emt 0:00:01]} Rfd8 {[%emt 0:00:01]} 17. Rfb1 {[%emt 0:00:01]} Rab8 {[%emt 0:00:01]} 18. f4 {[%emt 0:00:02]} Qc7 {[%emt 0:00:03]} 19. a5 {[%emt 0:00:02]} b5 {[%emt 0:00:02]} 20. axb6 {[%emt 0:00:01]} axb6 {[%emt 0:00:00]} 21. Qb2 {[%emt 0:00:03]} b5 {[%emt 0:00:01]} 22. Qb4 {[%emt 0:00:01]} Bg4 {[%emt 0:00:02]} 23. h3 {[%emt 0:00:02]} Be2 {[%emt 0:00:01]} 24. Re1 {[%emt 0:00:02]} Bd3 {[%emt 0:00:01]} 25. g4 {[%emt 0:00:01]} Bf8 {[%emt 0:00:01]} 26. Qb2 {[%emt 0:00:02]} b4 {[%emt 0:00:01]} 27. cxb4 {[%emt 0:00:01]} e6 {[%emt 0:00:01]} 28. Ra4 {[%emt 0:00:01]} Qe7 {[%emt 0:00:04]} 29. Rb1 {[%emt 0:00:02]} Bxb1 {[%emt 0:00:01]} 30. Qxb1 {[%emt 0:00:01]} Rxb4 {[%emt 0:00:00]} 31. Rxb4 {[%emt 0:00:01]} Qxb4 {[%emt 0:00:00]} 32. Qc1 {[%emt 0:00:01]} c3 {[%emt 0:00:01]} 33. Be1 {[%emt 0:00:01]} Qxd4+ {[%emt 0:00:02]} 34. Kh1 {[%emt 0:00:01]} Bb4 {[%emt 0:00:01]} 35. Bf3 {[%emt 0:00:02]} c5 {[%emt 0:00:01]} 36. Kg2 {[%emt 0:00:01]} c4 {[%emt 0:00:01]} 37. h4 {[%emt 0:00:03]} Qd3 {[%emt 0:00:01]} 38. f5 {[%emt 0:00:01]} Ra8 {[%emt 0:00:02]} 39. fxg6 {[%emt 0:00:01]} Ra2+ {[%emt 0:00:01]} 40. Kg3 {[%emt 0:00:01]} Bd6+ {[%emt 0:00:01]} 41. Kh3 {[%emt 0:00:03]} Rh2# {[%emt 0:00:02] (Lag: Av=0.52s, max=0.6s)} 0-1

[Event "Stay Safe Play From Home 283"]
[Site "Emanuel Lasker Arena"]
[Date "2020.07.07"]
[Round "2"]
[White "SoulofWolf"]
[Black "Mepe_Nika"]
[Result "0-1"]
[WhiteElo "2190"]
[BlackElo "2375"]
[Annotator "TA"]
[PlyCount "106"]
[EventDate "2020.07.07"]
[EventType "swiss (blitz)"]

{[%evp 12,106,-5,-43,0,-60,-3,-71,-87,-100,-4,-4,-4,-14,-9,-16,-10,-18,0,-27,106,0,0,-20,0,0,0,0,18,0,21,0,0,0,37,6,43,17,17,44,42,0,0,0,78,16,36,0,21,0,7,0,7,0,58,-97,172,162,195,158,168,14,20,8,33,-979,46,24,54,-10,65,65,77,55,115,67,213,139,422,312,377,386,431,0,2888,-1668,1907,-1807,722,-29986,-227,-29995,-29995,-29997,726,-29996,29988]} 1. c4 c6 2. Nc3 d5 3. Nf3 Nf6 4. cxd5 cxd5 5. d4 Nc6 6. Bg5 Ne4 $1 {6...Ne4 scores better than 6...e6.} 7. Bh4 Bf5 {D13: Slav Defence: Exchange variation without ...Bf5.} 8. a3 {[#]} (8. e3 $11) 8... Qb6 $146 (8... Nxc3 $15 9. bxc3 Qb6) ({Predecessor:} 8... Qa5 9. Qb3 g5 10. Qxd5 Nxc3 11. Qxa5 Nxa5 12. bxc3 gxh4 13. Nxh4 Nb3 14. Ra2 Be6 {0-1 (34) Van Simaeys,A (1717)-Herman,J (2235) Belgium 2018}) 9. Nxe4 (9. Na4 $1 $11 Qc7 10. e3) 9... Bxe4 $17 {Black is better.} 10. b4 e6 ({Black should try} 10... Bxf3 $17 11. gxf3 a5) 11. e3 $11 Bd6 12. Bd3 Bxd3 13. Qxd3 O-O 14. O-O Rfc8 15. Rfc1 Be7 {[#]} (15... a6 $11) 16. Bxe7 ({White must play} 16. Rxc6 $1 $16 {[%mdl 512]} Qxc6 17. Bxe7) 16... Nxe7 17. Ng5 Ng6 18. g3 h6 19. Nf3 a6 20. h4 Qb5 21. Qd2 Ne7 22. Ne5 Nc6 (22... Nf5 {is interesting.} 23. Rc5 Qe8 24. Qd1 Nd6 25. Rac1 b5) 23. Nd3 Qb6 24. Nc5 Rc7 25. Na4 Qa7 $1 26. Rc2 Rac8 27. Rac1 Qb8 (27... b6 $11 {keeps the balance.}) 28. Qe2 (28. Nb6 $16) 28... Ne7 29. Nc5 Rc6 30. Qf3 Qc7 {Strongly threatening ...b6.} 31. Kg2 Nf5 32. Kh3 Qd6 ({Better is} 32... Qb6 $11) 33. g4 $2 {[#]} (33. Nxb7 $14 Qd7 34. Nc5) 33... Ne7 $2 {[%mdl 8192]} (33... Nxh4 $1 $17 {[%mdl 512] stays on course.} 34. Qg3 (34. Kxh4 Qh2+) 34... Qxg3+ 35. Kxg3 Ng6) 34. Nxb7 $18 Qd7 35. Nc5 Qe8 36. e4 $2 ({White should play} 36. Kg2 $18) 36... dxe4 $11 37. Qxe4 Nd5 38. Qg2 $2 {[%mdl 8192]} (38. f4 $14) 38... Qd8 $2 (38... Nf4+ $19 39. Kh2 Nxg2 40. Kxg2 Qd8) 39. Qg3 (39. Qf3 $5 {[%cal Rc5e6]}) 39... Nf6 40. f4 (40. Qe5 $14) 40... Ne4 (40... Qxd4 $11 41. Qf3 Rd8) 41. Qf3 $36 {[%mdl 2048] Black is under pressure.} Nf6 42. g5 {Nb7 is the strong threat.} hxg5 (42... Qd5 $1 $14 43. Kg3 Ne4+ 44. Kh2 hxg5) 43. hxg5 Nd5 (43... Qd5 $1 $14 44. Qxd5 Nxd5) 44. Kg4 Rxc5 $4 {[%mdl 8192]} (44... Nb6 $16 {keeps fighting.} 45. Qh1 g6) 45. bxc5 ({Resist} 45. Rxc5 Rb8 $18) 45... Rb8 46. Rh2 Qc8 47. Qh3 $2 (47. Rch1 $18 {[%csl Gh1][%cal Rh2h8]} f5+ 48. gxf6) 47... e5+ $2 {[%mdl 8192]} (47... f5+ $11 48. Kh4 (48. gxf6 Nxf6+ 49. Kg5 Ne4+ 50. Kh4 Qd8+ {[%mdl 64] Double Attack} 51. Kg4 Nf6+ 52. Kg5 Ne4+ {[%mdl 64] Discovered Attack (Double check)} 53. Kg4 Nf6+ 54. Kg5 Ne4+ {[%mdl 64] Discovered Attack (Double check)} 55. Kg4 $11) 48... Nxf4) 48. Kg3 $4 {[%mdl 8192]} (48. f5 $18 Kf8 49. Re1) 48... Kf8 $4 {[%mdl 8192]} (48... Rb3+ $19 49. Kh4 Rxh3+ 50. Rxh3 Nxf4) 49. Kf3 $4 {[%mdl 8192]} (49. Qxc8+ $18 Rxc8 50. Rh8+ Ke7 51. Rxc8) 49... Ke7 $4 {[%mdl 8192]} (49... Rb3+ $19 50. Ke4 Rxh3 51. Rxh3 Qxh3 52. Kxd5 exf4) 50. Qh8 $4 {[%mdl 8192]} (50. Qxc8 $18 Rxc8 51. dxe5) 50... Qxh8 $2 (50... Rb3+ {mates} 51. Kg2 Nxf4+ 52. Kf1 Qg4 53. Qh4 Rf3+ 54. Qf2 Rxf2+ 55. Rxf2 Qh4 56. Rfc2 exd4 57. Re1+ Kf8 58. Ree2 Qh1+ 59. Kf2 d3 {[%mdl 64] Double Attack} 60. Ke3 dxe2 61. Rxe2 Nxe2 62. Kxe2 Qe4+ 63. Kd2 Qd5+ 64. Ke2 Qxg5 65. c6 Qg2+ 66. Ke3 Qxc6 67. Kf4 g5+ $1 {[%mdl 512]} 68. Ke3 Qc3+ 69. Ke2 g4 70. Kf2 Qxa3 71. Kg2 Qf3+ 72. Kg1 Qe2 73. Kh1 g3 74. Kg1 Qh2+ 75. Kf1 Qf2#) 51. c6 $2 (51. Rxh8 $19 Rxh8 52. Ke4 Nxf4 53. Rb1) 51... Rb3+ 52. Ke4 Qh7+ $4 {[%mdl 8192]} (52... Re3+ {avoids the disaster.} 53. Kxd5 Qd8+ 54. Kc5 Qxd4#) 53. Kxd5 $4 {[%mdl 8192] [#]} (53. Rxh7 $18 Nc3+ 54. Kf5 exd4 55. Rxg7) 53... Qe4+ $4 {[%mdl 40960] What a fight! Accuracy: White = 38%, Black = 33%. . Loss on time!?} (53... Qd3 $1 {and life is good for Black.} 54. Rd2 Rb5+ 55. Rc5 Rxc5+ 56. Kxc5 Qb5#) 0-1

[Event "Stay Safe Play From Home 283"]
[Site "Emanuel Lasker Arena"]
[Date "2020.07.07"]
[Round "2"]
[White "Lazieri3"]
[Black "Lamborghini"]
[Result "1-0"]
[WhiteElo "2085"]
[BlackElo "2265"]
[PlyCount "45"]
[EventDate "2020.07.07"]
[EventType "swiss (blitz)"]

1. e4 {[%emt 0:00:01]} c5 {[%emt 0:00:01]} 2. Nc3 {[%emt 0:00:00]} d6 {[%emt 0:00:01]} 3. Nf3 {[%emt 0:00:00]} Nc6 {[%emt 0:00:01]} 4. Bc4 {[%emt 0:00:01]} e6 {[%emt 0:00:01]} 5. d3 {[%emt 0:00:01]} Nf6 {[%emt 0:00:01]} 6. Bg5 {[%emt 0:00:01]} Be7 {[%emt 0:00:01]} 7. O-O {[%emt 0:00:01]} O-O {[%emt 0:00:01]} 8. Bh4 {[%emt 0:00:00]} b6 {[%emt 0:00:01]} 9. h3 {[%emt 0:00:02]} Bb7 {[%emt 0:00:01]} 10. a3 {[%emt 0:00:01]} Rc8 {[%emt 0:00:01]} 11. Qd2 {[%emt 0:00:02]} a6 {[%emt 0:00:00]} 12. Rad1 {[%emt 0:00:03]} d5 {[%emt 0:00:02]} 13. exd5 {[%emt 0:00:01]} exd5 {[%emt 0:00:01]} 14. Ba2 {[%emt 0:00:01]} d4 {[%emt 0:00:05]} 15. Ne2 {[%emt 0:00:01]} Nb8 {[%emt 0:00:03]} 16. Nh2 {[%emt 0:00:02]} Nd5 {[%emt 0:00:04]} 17. Bxe7 {[%emt 0:00:01]} Qxe7 {[%emt 0:00:01]} 18. Nf4 {[%emt 0:00:02]} Qf6 {[%emt 0:00:01]} 19. Nxd5 {[%emt 0:00:01]} Bxd5 {[%emt 0:00:01]} 20. Bxd5 {[%emt 0:00:01]} Nd7 {[%emt 0:00:00]} 21. Ng4 {[%emt 0:00:04]} Qh4 {[%emt 0:00:01]} 22. Qf4 {[%emt 0:00:03]} h5 {[%emt 0:00:03]} 23. Nh6+ {[%emt 0:00:03] Lamborghini gibt auf (Lag: Av=0.59s, max=0.7s)} 1-0

[Event "Stay Safe Play From Home 283"]
[Site "Emanuel Lasker Arena"]
[Date "2020.07.07"]
[Round "2"]
[White "Haxhi Baha"]
[Black "Sfantul321"]
[Result "0-1"]
[WhiteElo "2034"]
[BlackElo "1977"]
[Annotator "NA"]
[PlyCount "68"]
[EventDate "2020.07.07"]
[EventType "swiss (blitz)"]

1. e4 {[%emt 0:00:01]} g6 {[%emt 0:00:00]} 2. d4 {[%emt 0:00:01]} Bg7 {[%emt 0:00:00]} 3. Nc3 {[%emt 0:00:01]} d6 {[%emt 0:00:00]} 4. h4 {[%emt 0:00:02]} h5 {[%emt 0:00:01]} 5. f3 {[%emt 0:00:01]} Nf6 {[%emt 0:00:01]} 6. Bg5 {[%emt 0:00:01]} Nc6 {[%emt 0:00:02]} 7. Be2 {[%emt 0:00:01]} e5 {[%emt 0:00:01]} 8. d5 {[%emt 0:00:01]} Ne7 {[%emt 0:00:02]} 9. Qd2 {[%emt 0:00:01]} Bd7 {[%emt 0:00:02]} 10. O-O-O {[%emt 0:00:01]} a6 {[%emt 0:00:02]} 11. Nh3 {[%emt 0:00:01]} Bxh3 {[%emt 0:00:02]} 12. Rxh3 {[%emt 0:00:02]} Qd7 {[%emt 0:00:00]} 13. g4 {[%emt 0:00:03]} hxg4 {[%emt 0:00:02]} 14. fxg4 {[%emt 0:00:01]} O-O-O {[%emt 0:00:02]} 15. Bxf6 {[%emt 0:00:02]} Bxf6 {[%emt 0:00:01]} 16. g5 {[%emt 0:00:02]} Bg7 {[%emt 0:00:01]} 17. Rdh1 {[%emt 0:00:07]} Kb8 {[%emt 0:00:03]} 18. h5 {[%emt 0:00:01]} gxh5 {[%emt 0:00:01]} 19. Rxh5 {[%emt 0:00:00]} Rxh5 {[%emt 0:00:01]} 20. Rxh5 {[%emt 0:00:00]} Ng6 {[%emt 0:00:01]} 21. Kb1 {[%emt 0:00:02]} Nf4 {[%emt 0:00:02]} 22. Rh7 {[%emt 0:00:01]} Rg8 {[%emt 0:00:02]} 23. a4 {[%emt 0:00:02]} Ka8 {[%emt 0:00:02]} 24. Qe3 {[%emt 0:00:01]} Qe7 {[%emt 0:00:02]} 25. Qg3 {[%emt 0:00:03]} Bf8 {[%emt 0:00:01]} 26. Bf3 {[%emt 0:00:05]} Rxg5 {[%emt 0:00:03]} 27. Qh2 {[%emt 0:00:01]} Rg8 {[%emt 0:00:01]} 28. Bh5 {[%emt 0:00:03]} Rg7 {[%emt 0:00:02]} 29. Rh8 {[%emt 0:00:01]} Ka7 {[%emt 0:00:01]} 30. Nd1 {[%emt 0:00:04]} Rg2 {[%emt 0:00:02]} 31. Qh1 {[%emt 0:00:03]} Qg5 {[%emt 0:00:01]} 32. Ne3 {[%emt 0:00:02]} Rg1+ {[%emt 0:00:01]} 33. Qxg1 {[%emt 0:00:01]} Qxg1+ {[%emt 0:00:01]} 34. Ka2 {[%emt 0:00:00]} Bg7 {[%emt 0:00:01] Time (Lag: Av=0.58s, max=0.8s) .} 0-1

[Event "Stay Safe Play From Home 283"]
[Site "Emanuel Lasker Arena"]
[Date "2020.07.07"]
[Round "2"]
[White "Bardellosport"]
[Black "Klasman"]
[Result "1-0"]
[WhiteElo "2023"]
[BlackElo "1420"]
[PlyCount "45"]
[EventDate "2020.07.07"]
[EventType "swiss (blitz)"]

1. c4 {[%emt 0:00:02]} f5 {[%emt 0:00:01]} 2. g3 {[%emt 0:00:00]} Nf6 {[%emt 0:00:01]} 3. Bg2 {[%emt 0:00:00]} e5 {[%emt 0:00:01]} 4. Nc3 {[%emt 0:00:01]} e4 {[%emt 0:00:01]} 5. e3 {[%emt 0:00:01]} c6 {[%emt 0:00:02]} 6. Nge2 {[%emt 0:00:01]} d5 {[%emt 0:00:02]} 7. d4 {[%emt 0:00:01]} dxc4 {[%emt 0:00:06]} 8. O-O {[%emt 0:00:01]} b5 {[%emt 0:00:01]} 9. h4 {[%emt 0:00:01]} b4 {[%emt 0:00:02]} 10. Nb1 {[%emt 0:00:01]} Be6 {[%emt 0:00:04]} 11. Nf4 {[%emt 0:00:01]} Bf7 {[%emt 0:00:04]} 12. Bd2 {[%emt 0:00:01]} a5 {[%emt 0:00:02]} 13. Qe1 {[%emt 0:00:01]} Bd6 {[%emt 0:00:03]} 14. f3 {[%emt 0:00:00]} O-O {[%emt 0:00:07]} 15. fxe4 {[%emt 0:00:01]} Nxe4 {[%emt 0:00:04]} 16. b3 {[%emt 0:00:00]} c3 {[%emt 0:00:01]} 17. Bc1 {[%emt 0:00:01]} g5 {[%emt 0:00:05]} 18. hxg5 {[%emt 0:00:01]} Qxg5 {[%emt 0:00:01]} 19. Rf3 {[%emt 0:00:01]} h5 {[%emt 0:00:03]} 20. Nh3 {[%emt 0:00:02]} Qg4 {[%emt 0:00:02]} 21. Qe2 {[%emt 0:00:01]} Nxg3 {[%emt 0:00:03]} 22. Qf2 {[%emt 0:00:01]} Ne4 {[%emt 0:00:02]} 23. Qe2 {[%emt 0:00:02] Time} 1-0

[Event "Stay Safe Play From Home 283"]
[Site "Emanuel Lasker Arena"]
[Date "2020.07.07"]
[Round "2"]
[White "Robk"]
[Black "Fischer_11"]
[Result "0-1"]
[WhiteElo "1553"]
[BlackElo "2007"]
[Annotator "NA"]
[PlyCount "68"]
[EventDate "2020.07.07"]
[EventType "swiss (blitz)"]

1. e4 {[%emt 0:00:02]} Nf6 {[%emt 0:00:01]} 2. d4 {[%emt 0:00:01]} Nxe4 {[%emt 0:00:02]} 3. Nf3 {[%emt 0:00:02]} d5 {[%emt 0:00:01]} 4. Bd3 {[%emt 0:00:01]} Bg4 {[%emt 0:00:01]} 5. O-O {[%emt 0:00:01]} e6 {[%emt 0:00:01]} 6. Re1 {[%emt 0:00:01]} Nf6 {[%emt 0:00:01]} 7. c4 {[%emt 0:00:03]} c6 {[%emt 0:00:01]} 8. cxd5 {[%emt 0:00:02]} cxd5 {[%emt 0:00:00]} 9. Nc3 {[%emt 0:00:01]} Be7 {[%emt 0:00:01]} 10. h3 {[%emt 0:00:01]} Bh5 {[%emt 0:00:01]} 11. g4 {[%emt 0:00:02]} Bg6 {[%emt 0:00:01]} 12. Bxg6 {[%emt 0:00:00]} hxg6 {[%emt 0:00:00]} 13. Kg2 {[%emt 0:00:01]} O-O {[%emt 0:00:02]} 14. Be3 {[%emt 0:00:01]} Nc6 {[%emt 0:00:00]} 15. Ne5 {[%emt 0:00:02]} Nxe5 {[%emt 0:00:02]} 16. dxe5 {[%emt 0:00:01]} Nd7 {[%emt 0:00:01]} 17. f4 {[%emt 0:00:01]} Rc8 {[%emt 0:00:04]} 18. Bd4 {[%emt 0:00:02]} a6 {[%emt 0:00:01]} 19. a3 {[%emt 0:00:03]} Bc5 {[%emt 0:00:00]} 20. Kf3 {[%emt 0:00:04]} Bxd4 {[%emt 0:00:01]} 21. Qxd4 {[%emt 0:00:01]} Rc4 {[%emt 0:00:01]} 22. Qd2 {[%emt 0:00:02]} Qh4 {[%emt 0:00:01]} 23. Rg1 {[%emt 0:00:04]} Qxh3+ {[%emt 0:00:01]} 24. Rg3 {[%emt 0:00:01]} Qh6 {[%emt 0:00:04]} 25. Rg2 {[%emt 0:00:05]} Nxe5+ {[%emt 0:00:01]} 26. fxe5 {[%emt 0:00:02]} Qxd2 {[%emt 0:00:03]} 27. Rxd2 {[%emt 0:00:01]} Rfc8 {[%emt 0:00:00]} 28. Rh1 {[%emt 0:00:03]} Kf8 {[%emt 0:00:03]} 29. Rdh2 {[%emt 0:00:01]} Ke7 {[%emt 0:00:00]} 30. Rh8 {[%emt 0:00:02]} d4 {[%emt 0:00:01]} 31. R1h2 {[%emt 0:00:01]} Rxh8 {[%emt 0:00:02]} 32. Rxh8 {[%emt 0:00:02]} dxc3 {[%emt 0:00:00]} 33. bxc3 {[%emt 0:00:02]} Rxc3+ {[%emt 0:00:00]} 34. Ke4 {[%emt 0:00:01]} Rxa3 {[%emt 0:00:00] Time (Lag: Av=0.39s, max=0.5s)} 0-1

[Event "Stay Safe Play From Home 283"]
[Site "Emanuel Lasker Arena"]
[Date "2020.07.07"]
[Round "3"]
[White "Mepe_Nika"]
[Black "Sfantul321"]
[Result "1-0"]
[WhiteElo "2384"]
[BlackElo "1997"]
[Annotator "NA"]
[PlyCount "93"]
[EventDate "2020.07.07"]
[EventType "swiss (blitz)"]

1. d4 {[%emt 0:00:01]} g6 {[%emt 0:00:00]} 2. Bf4 {[%emt 0:00:01]} Bg7 {[%emt 0:00:00]} 3. e3 {[%emt 0:00:00]} d6 {[%emt 0:00:00]} 4. Nf3 {[%emt 0:00:00]} Nf6 {[%emt 0:00:00]} 5. h3 {[%emt 0:00:00]} O-O {[%emt 0:00:00]} 6. Be2 {[%emt 0:00:01]} Nc6 {[%emt 0:00:01]} 7. O-O {[%emt 0:00:00]} Re8 {[%emt 0:00:00]} 8. Bh2 {[%emt 0:00:00]} e5 {[%emt 0:00:01]} 9. c3 {[%emt 0:00:03]} e4 {[%emt 0:00:01]} 10. Nfd2 {[%emt 0:00:00]} d5 {[%emt 0:00:00]} 11. c4 {[%emt 0:00:01]} Be6 {[%emt 0:00:01]} 12. Nc3 {[%emt 0:00:01]} Rc8 {[%emt 0:00:02]} 13. cxd5 {[%emt 0:00:01]} Bxd5 {[%emt 0:00:01]} 14. Nxd5 {[%emt 0:00:01]} Nxd5 {[%emt 0:00:01]} 15. a3 {[%emt 0:00:00]} a5 {[%emt 0:00:01]} 16. Qc2 {[%emt 0:00:01]} Qd7 {[%emt 0:00:02]} 17. Nxe4 {[%emt 0:00:02]} f5 {[%emt 0:00:03]} 18. Nc5 {[%emt 0:00:01]} Qf7 {[%emt 0:00:03]} 19. Nxb7 {[%emt 0:00:01]} Nce7 {[%emt 0:00:06]} 20. Nxa5 {[%emt 0:00:01]} Kh8 {[%emt 0:00:02]} 21. Nc6 {[%emt 0:00:01]} h6 {[%emt 0:00:03]} 22. Nxe7 {[%emt 0:00:02]} Nxe7 {[%emt 0:00:02]} 23. Bc4 {[%emt 0:00:01]} Qf6 {[%emt 0:00:01]} 24. Be5 {[%emt 0:00:01]} Qc6 {[%emt 0:00:01]} 25. Bxg7+ {[%emt 0:00:00]} Kxg7 {[%emt 0:00:01]} 26. Rac1 {[%emt 0:00:01]} Rb8 {[%emt 0:00:02]} 27. Qc3 {[%emt 0:00:01]} Nd5 {[%emt 0:00:03]} 28. Bxd5 {[%emt 0:00:01]} Qxd5 {[%emt 0:00:00]} 29. Qxc7+ {[%emt 0:00:00]} Kg8 {[%emt 0:00:01]} 30. b4 {[%emt 0:00:00]} Rec8 {[%emt 0:00:02]} 31. Qxc8+ {[%emt 0:00:01]} Rxc8 {[%emt 0:00:01]} 32. Rxc8+ {[%emt 0:00:00]} Kf7 {[%emt 0:00:00]} 33. Rfc1 {[%emt 0:00:00]} Kf6 {[%emt 0:00:01]} 34. R8c6+ {[%emt 0:00:01]} Kg5 {[%emt 0:00:01]} 35. R6c5 {[%emt 0:00:01]} Qb3 {[%emt 0:00:01]} 36. e4 {[%emt 0:00:01]} Qxa3 {[%emt 0:00:02]} 37. exf5 {[%emt 0:00:01]} gxf5 {[%emt 0:00:01]} 38. g4 {[%emt 0:00:01]} Kf4 {[%emt 0:00:01]} 39. Rxf5+ {[%emt 0:00:01]} Ke4 {[%emt 0:00:01]} 40. Re1+ {[%emt 0:00:01]} Kxd4 {[%emt 0:00:01]} 41. b5 {[%emt 0:00:01]} Qb2 {[%emt 0:00:01]} 42. Kg2 {[%emt 0:00:01]} Kd3 {[%emt 0:00:02]} 43. Re3+ {[%emt 0:00:01]} Kd4 {[%emt 0:00:01]} 44. Rf4+ {[%emt 0:00:01]} Kd5 {[%emt 0:00:01]} 45. Rf5+ {[%emt 0:00:00]} Kd4 {[%emt 0:00:01]} 46. Kf3 {[%emt 0:00:03]} Qc2 {[%emt 0:00:02]} 47. Rf4+ {[%emt 0:00:01] Time (Lag: Av=0.33s, max=0.5s)} 1-0

[Event "Stay Safe Play From Home 283"]
[Site "Emanuel Lasker Arena"]
[Date "2020.07.07"]
[Round "3"]
[White "Jhhonnyy"]
[Black "Lazieri3"]
[Result "1-0"]
[WhiteElo "2306"]
[BlackElo "2110"]
[PlyCount "41"]
[EventDate "2020.07.07"]
[EventType "swiss (blitz)"]

1. d4 {[%emt 0:00:01]} c6 {[%emt 0:00:00]} 2. c4 {[%emt 0:00:00]} d5 {[%emt 0:00:00]} 3. Nf3 {[%emt 0:00:00]} Nf6 {[%emt 0:00:00]} 4. Nbd2 {[%emt 0:00:00]} Bf5 {[%emt 0:00:00]} 5. Nh4 {[%emt 0:00:00]} Bg4 {[%emt 0:00:01]} 6. h3 {[%emt 0:00:02]} Bh5 {[%emt 0:00:01]} 7. g4 {[%emt 0:00:00]} Ne4 {[%emt 0:00:01]} 8. gxh5 {[%emt 0:00:02]} Nxd2 {[%emt 0:00:03]} 9. Bxd2 {[%emt 0:00:01]} e5 {[%emt 0:00:00]} 10. Nf3 {[%emt 0:00:03]} e4 {[%emt 0:00:01]} 11. Ne5 {[%emt 0:00:01]} f6 {[%emt 0:00:00]} 12. Ng4 {[%emt 0:00:01]} Nd7 {[%emt 0:00:03]} 13. Bf4 {[%emt 0:00:01]} Qe7 {[%emt 0:00:01]} 14. a3 {[%emt 0:00:01]} Qf7 {[%emt 0:00:01]} 15. h6 {[%emt 0:00:01]} gxh6 {[%emt 0:00:06]} 16. e3 {[%emt 0:00:01]} h5 {[%emt 0:00:02]} 17. Nh2 {[%emt 0:00:01]} dxc4 {[%emt 0:00:03]} 18. Rc1 {[%emt 0:00:01]} Nb6 {[%emt 0:00:01]} 19. Be2 {[%emt 0:00:01]} f5 {[%emt 0:00:04]} 20. Bxh5 {[%emt 0:00:01]} O-O-O {[%emt 0:00:03]} 21. Bxf7 {[%emt 0:00:01] Lazieri3 resigns (Lag: Av=0.61s, max=0.7s)} 1-0

[Event "Stay Safe Play From Home 283"]
[Site "Emanuel Lasker Arena"]
[Date "2020.07.07"]
[Round "3"]
[White "Lamborghini"]
[Black "Broken sword"]
[Result "1-0"]
[WhiteElo "2240"]
[BlackElo "2474"]
[Annotator "TA"]
[PlyCount "43"]
[EventDate "2020.07.07"]
[EventType "swiss (blitz)"]

{[%evp 9,42,54,116,108,188,156,165,124,138,76,80,79,84,0,102,104,117,129,119,131,135,95,119,35,43,49,118,121,153,145,215,222,29998,29999,29999]} 1. e4 e6 2. d4 c5 3. Nf3 a6 4. Nc3 b5 5. d5 {[#]} exd5 $146 (5... Bb7 $14) ({Predecessor:} 5... Bb7 6. d6 b4 7. Na4 Bxe4 8. Nxc5 Bd5 9. Bf4 Nf6 10. Qd4 Nc6 11. Qe3 Qb6 12. Na4 {0-1 (38) Nijboer,F (2559)-Reinderman,D (2592) Amstelveen 2015}) 6. Nxd5 $16 {B40: Sicilian: 2...e6, Unusual lines.} d6 (6... Nf6 $16 {was called for.}) 7. Bf4 Nc6 8. Qd2 {White is clearly better.} Nf6 9. Nxf6+ ({White should play} 9. a4 Ra7 10. Be2 (10. axb5 axb5 11. Rxa7 Nxa7 $16)) 9... Qxf6 10. O-O-O {[#] Strongly threatening e5!} Bg4 11. Bxd6 (11. Be2 $16) 11... Bxd6 (11... O-O-O $11 {keeps the balance.} 12. e5 Nxe5 13. Bxe5 Rxd2 14. Bxf6 Rxd1+ 15. Kxd1 gxf6) 12. Qxd6 Bxf3 13. Qxf6 gxf6 14. gxf3 Nd4 15. c3 Nxf3 {[#]} 16. Bg2 ({Better is} 16. Rd5 $1 $16) 16... Ne5 $14 17. f4 Ng6 (17... Rg8 $14) 18. e5 $1 $36 {[%mdl 2112] Discovered Attack. Keeping Black busy.} Rd8 19. exf6 {White threatens Rhe1+ and mate.} Rxd1+ (19... O-O $16 {was worth a try.} 20. Bb7 a5) 20. Rxd1 $18 {Bc6+ would kill now.} Nxf4 $2 (20... O-O $18 21. f5 Nf4) 21. Bc6+ Kf8 22. Rd8# {Accuracy: White = 43%, Black = 43%.} 1-0

[Event "Stay Safe Play From Home 283"]
[Site "Emanuel Lasker Arena"]
[Date "2020.07.07"]
[Round "3"]
[White "Weltszmerc"]
[Black "SoulofWolf"]
[Result "1-0"]
[WhiteElo "2119"]
[BlackElo "2181"]
[PlyCount "59"]
[EventDate "2020.07.07"]
[EventType "swiss (blitz)"]

1. d4 {[%emt 0:00:01]} e6 {[%emt 0:00:00]} 2. c4 {[%emt 0:00:00]} d5 {[%emt 0:00:00]} 3. Nf3 {[%emt 0:00:00]} Be7 {[%emt 0:00:00]} 4. g3 {[%emt 0:00:00]} Nf6 {[%emt 0:00:01]} 5. Bg2 {[%emt 0:00:00]} O-O {[%emt 0:00:00]} 6. O-O {[%emt 0:00:00]} a6 {[%emt 0:00:01]} 7. Nbd2 {[%emt 0:00:01]} dxc4 {[%emt 0:00:01]} 8. Nxc4 {[%emt 0:00:02]} b5 {[%emt 0:00:00]} 9. Nfe5 {[%emt 0:00:01]} Ra7 {[%emt 0:00:01]} 10. Na5 {[%emt 0:00:01]} Nd5 {[%emt 0:00:04]} 11. Nac6 {[%emt 0:00:02]} Nxc6 {[%emt 0:00:05]} 12. Nxc6 {[%emt 0:00:00]} Qd6 {[%emt 0:00:00]} 13. Nxa7 {[%emt 0:00:01]} Bb7 {[%emt 0:00:00]} 14. e4 {[%emt 0:00:01]} Nf6 {[%emt 0:00:00]} 15. e5 {[%emt 0:00:00]} Qd7 {[%emt 0:00:00]} 16. exf6 {[%emt 0:00:02]} Bxf6 {[%emt 0:00:02]} 17. Bxb7 {[%emt 0:00:01]} Bxd4 {[%emt 0:00:01]} 18. Nc6 {[%emt 0:00:01]} e5 {[%emt 0:00:01]} 19. Nxd4 {[%emt 0:00:02]} exd4 {[%emt 0:00:00]} 20. Qf3 {[%emt 0:00:02]} c5 {[%emt 0:00:00]} 21. Bc6 {[%emt 0:00:01]} Qd6 {[%emt 0:00:01]} 22. Bf4 {[%emt 0:00:01]} Qf6 {[%emt 0:00:01]} 23. Rfe1 {[%emt 0:00:01]} h6 {[%emt 0:00:01]} 24. Be5 {[%emt 0:00:01]} Qg6 {[%emt 0:00:01]} 25. h4 {[%emt 0:00:01]} f5 {[%emt 0:00:01]} 26. h5 {[%emt 0:00:01]} Qh7 {[%emt 0:00:00]} 27. Bd5+ {[%emt 0:00:01]} Kh8 {[%emt 0:00:00]} 28. Bd6 {[%emt 0:00:01]} Rd8 {[%emt 0:00:01]} 29. Bxc5 {[%emt 0:00:01]} g6 {[%emt 0:00:01]} 30. Bxd4+ {[%emt 0:00:01] SoulofWolf poddaje siê (Lag: Av=0.67s, max=1.0s)} 1-0